000
00285nam a22001097a 4500
082
_a
923.2 MAR'A
100
_a
MARYAN, JAMEELAH
_9
78901
245
_a
AHEMD KHALID THE BIOGRAPHY OF A PAKISTAN ARAB REFUGEE
260
_a
LAHORE
_b
MUHAMMAD YUSUF KHAN
_c
1968
300
_a
146P
942
_c
BK
999
_c
583965
_d
583965